000
00230nam a22001217a 4500
003
SGT
082
_a
820
_b
D11K
100
_a
KUMAR, B.B.
245
_a
DIALOGUE
260
_b
ASTHA BHARATI
_c
2011
300
_a
200
942
_2
ddc
_c
BK
999
_c
29268
_d
29268